| 000 | 01121nam a22003497a 4500 | ||
|---|---|---|---|
| 003 | CHAP | ||
| 005 | 20220329134410.0 | ||
| 008 | 971013s1978 r 00010 d | ||
| 010 | _a19966 | ||
| 011 | _a20938 | ||
| 035 | _a25027 | ||
| 040 | _cCHAP | ||
| 082 |
_a545.8 _bB6 1978 |
||
| 100 | 0 | 0 |
_aBoltz, David Ferdinand _eed. _913613 |
| 245 | _aColorimetric determination of nonmetals | ||
| 250 | _a2 ed. | ||
| 260 |
_aNew York : _bWiley, _c1978 |
||
| 300 |
_a543 p. _b: ilus. ; gráfs. |
||
| 490 |
_aChemical analysis _v; 8 |
||
| 590 |
_aBATCH-UPD _b10 _c20130109 _lUCH01 _h2326 |
||
| 590 |
_aBATCH-UPD _b10 _c20130110 _lUCH01 _h2221 |
||
| 590 |
_aBATCH-UPD _b10 _c20130410 _lUCH01 _h1519 |
||
| 590 |
_aBATCH-UPD _b10 _c20130914 _lUCH01 _h1011 |
||
| 590 |
_aCONVERSION _b10 _c20130109 _lUCH01 _h1312 |
||
| 650 | 1 | 4 |
_aColorimetría. _925476 |
| 700 | 0 |
_aHowell, James A. _956504 |
|
| 830 | 0 |
_aChemical analysis _v; 8 _922111 |
|
| 901 | _aBK | ||
| 942 | _cLIBRO | ||
| 949 |
_a545.8 B6 1978 _bBC _cLIBRO _d33724000390092 _eLIBRO _fc.2 _h52325 _i25027 _si |
||
| 949 |
_a545.8 B6 1978 _bBC _cLIBRO _d33724000659090 _eLIBRO _h50935 _i25027 _si |
||
| 999 |
_c19966 _d19966 |
||